[Event "Open Jastrzebie 2019"]
[Site "?"]
[Date "2019.08.18"]
[Round "9.3"]
[White "Koloczek, Maciej"]
[Black "Khamitskiy, Sergei"]
[Result "1/2-1/2"]
[WhiteElo "1958"]
[BlackElo "2243"]
[PlyCount "59"]
[SourceVersionDate "2019.09.02"]

1. e4 e6 2. d4 d5 3. Nd2 Nf6 4. e5 Nfd7 5. Bd3 c5 6. c3 Nc6 7. Ne2 cxd4 8. cxd4
f6 9. exf6 Nxf6 10. O-O Bd6 11. Nf3 Qc7 12. h3 O-O 13. Be3 Bd7 14. Re1 Rae8 15.
Rc1 Qb8 16. Qd2 Re7 17. a3 Be8 18. Bf4 Bh5 19. Ne5 Nxe5 20. dxe5 Bxe5 21. Bxe5
Qxe5 22. Qb4 Rc7 23. Rxc7 Qxc7 24. Nf4 Bf7 25. Nxe6 Bxe6 26. Rxe6 b6 27. Qd4
Qc5 28. Qe3 Kf7 29. Re5 Qxe3 30. Rxe3 1/2-1/2

[Event "Open Jastrzebie 2019"]
[Site "?"]
[Date "2019.08.18"]
[Round "9.4"]
[White "Molenda, Marcin"]
[Black "Dziendziel, Mateusz"]
[Result "1-0"]
[WhiteElo "2387"]
[BlackElo "1801"]
[PlyCount "69"]
[SourceDate "2019.09.10"]

1. e4 c5 2. Nf3 d6 3. Bb5+ Nc6 4. d4 cxd4 5. Qxd4 Bd7 6. Qd3 Nf6 7. c4 Ne5 8.
Nxe5 dxe5 9. Bxd7+ Nxd7 10. Be3 e6 11. O-O Nc5 12. Qxd8+ Rxd8 13. Nc3 a6 14. b4
Nd7 15. c5 Be7 16. Rfd1 O-O 17. Rd2 Nb8 18. Rad1 Rxd2 19. Rxd2 Rd8 20. Rxd8+
Bxd8 21. Kf1 Kf8 22. Ke2 Ke7 23. Kd3 Kd7 24. Kc4 b5+ 25. cxb6 Kc6 26. a4 Bxb6
27. Bxb6 Kxb6 28. a5+ Kc6 29. b5+ axb5+ 30. Nxb5 Na6 31. Nc3 Nc5 32. f3 h6 33.
Na2 Nd7 34. Nb4+ Kb7 35. Kb5 1-0

[Event "Open Jastrzebie 2019"]
[Site "?"]
[Date "2019.08.18"]
[Round "9.5"]
[White "Klepek, Witold"]
[Black "Aleshko, Igor L"]
[Result "1-0"]
[WhiteElo "2197"]
[BlackElo "1270"]
[PlyCount "79"]

1. e4 e6 2. d4 d5 3. Nd2 Nf6 4. e5 Nfd7 5. Bd3 c5 6. c3 Nc6 7. Ne2 cxd4 8. cxd4
f6 9. exf6 Qxf6 10. Nf1 Bb4+ 11. Bd2 O-O 12. f4 Rf7 13. Ne3 Qh4+ 14. g3 Qh5 15.
O-O Nf6 16. Rc1 Bd7 17. Bb1 Raf8 18. Bxb4 Nxb4 19. Nc3 Qxd1 20. Rcxd1 a6 21. a3
Nc6 22. Na4 Re7 23. Nb6 Be8 24. Rfe1 Bh5 25. Rd2 Bf3 26. Rc1 Be4 27. Ba2 Bg6
28. Rdd1 Bh5 29. Rd3 Bg6 30. f5 exf5 31. Nexd5 Nxd5 32. Nxd5 Ree8 33. Nf6+ Kh8
34. Nxe8 Rxe8 35. d5 Ne5 36. Re3 Bh5 37. Kg2 Ng4 38. Rxe8+ Bxe8 39. Rc8 Nf6 40.
d6 1-0

[Event "Open Jastrzebie 2019"]
[Site "?"]
[Date "2019.08.18"]
[Round "9.6"]
[White "Marcinowski, Marek"]
[Black "Radecki, Adam"]
[Result "1-0"]
[WhiteElo "1881"]
[BlackElo "1792"]
[PlyCount "105"]

1. d4 Nf6 2. Nf3 d5 3. Bf4 g6 4. e3 Bg7 5. Be2 O-O 6. O-O Nbd7 7. c4 c6 8. Nc3
dxc4 9. Bxc4 Nb6 10. Bb3 Nbd5 11. Nxd5 Nxd5 12. Be5 Bxe5 13. Nxe5 Be6 14. a3
Rc8 15. Rc1 f6 16. Nd3 Bf7 17. Bc2 Re8 18. Qg4 e5 19. dxe5 fxe5 20. Rfd1 Qe7
21. Bb1 Rcd8 22. Qa4 a6 23. Nc5 Rf8 24. Ne4 Be6 25. Rd2 Bf5 26. Rcd1 Bxe4 27.
Qxe4 Qf6 28. f3 Kh8 29. Ba2 Rfe8 30. Bxd5 cxd5 31. Rxd5 Rxd5 32. Qxd5 Qb6 33.
Qd2 Rc8 34. Kf2 Qb3 35. Rc1 Rxc1 36. Qxc1 Qd5 37. Qc3 Kg8 38. b3 Kf8 39. e4 Qd8
40. Qc5+ Kg7 41. Qxe5+ Kh6 42. Qf4+ Kg7 43. e5 Qb6+ 44. Kg3 Qxb3 45. Qf6+ Kh6
46. e6 Qb6 47. Qf4+ g5 48. Qf8+ Kg6 49. Qf7+ Kh6 50. e7 Qd6+ 51. Kh3 g4+ 52.
fxg4 Qxa3+ 53. g3 1-0

[Event "Open Jastrzebie 2019"]
[Site "?"]
[Date "2019.08.18"]
[Round "9.7"]
[White "Kopaczewski, Zbigniew"]
[Black "Shystarova, Svitlana"]
[Result "1-0"]
[WhiteElo "1464"]
[BlackElo "1865"]
[PlyCount "93"]

1. g3 d5 2. e3 Nf6 3. Bg2 e5 4. d4 e4 5. f3 exf3 6. Nxf3 Bd6 7. b3 O-O 8. O-O
Bg4 9. Qd3 Nbd7 10. c4 c6 11. Nc3 Re8 12. Nd2 Bb4 13. Bb2 Nb6 14. a3 Bxc3 15.
Bxc3 Bh5 16. Rf4 Bg6 17. e4 dxe4 18. Nxe4 Nxe4 19. Bxe4 Bxe4 20. Rxe4 Rxe4 21.
Qxe4 Qe8 22. Re1 Qxe4 23. Rxe4 f6 24. Re7 Rb8 25. a4 Nc8 26. Rd7 a6 27. a5 h6
28. Kf2 b5 29. cxb5 cxb5 30. Bb4 Ra8 31. Kf3 Kh7 32. Bc5 Kg6 33. Kf4 Rb8 34. b4
h5 35. h3 Ra8 36. Rc7 Rb8 37. Ke4 f5+ 38. Ke5 h4 39. gxh4 Ra8 40. d5 f4 41.
Kxf4 Kf6 42. Bd4+ Kg6 43. Rxg7+ Kh6 44. Rd7 Kg6 45. Kg4 Rb8 46. h5+ Kh6 47.
Bg7+ 1-0

[Event "Open Jastrzebie 2019"]
[Site "?"]
[Date "2019.08.18"]
[Round "9.8"]
[White "Distel, Pawel"]
[Black "Adamczyk, Piotr"]
[Result "1-0"]
[WhiteElo "1705"]
[BlackElo "1838"]
[PlyCount "85"]

1. Nf3 d5 2. g3 Nf6 3. Bg2 e6 4. O-O Be7 5. d3 O-O 6. c3 c5 7. Qc2 Nc6 8. e4
dxe4 9. dxe4 e5 10. Na3 Qc7 11. Nc4 Be6 12. Ne3 Rfd8 13. Ng5 Qc8 14. Nxe6 Qxe6
15. Nd5 Rac8 16. Bg5 h6 17. Bxf6 Bxf6 18. Qb3 b6 19. Qa4 Rd7 20. h4 Rcd8 21.
Kh2 Rd6 22. Bh3 Qe8 23. Rad1 Be7 24. Rd3 g5 25. Rfd1 Qf8 26. h5 Kg7 27. Bg4 Kh8
28. Kg2 f6 29. Bf5 Qf7 30. Bg6 Qg7 31. Qa6 Bf8 32. b4 cxb4 33. cxb4 Ne7 34.
Nxe7 Bxe7 35. Rxd6 Rxd6 36. Rc1 Bd8 37. Rc8 Qe7 38. Bf5 Rd4 39. Rb8 Rxb4 40.
Qc8 Rd4 41. Rb7 Qd6 42. Rh7+ Kg8 43. Qb7 1-0

[Event "Open Jastrzebie 2019"]
[Site "?"]
[Date "2019.08.18"]
[Round "9.9"]
[White "Kotowicz, Kamil"]
[Black "Kozsik, Bende Barnabas"]
[Result "0-1"]
[WhiteElo "1498"]
[BlackElo "2044"]
[PlyCount "112"]
[SourceVersionDate "2019.09.11"]

1. d4 Nf6 2. c4 g6 3. Nc3 Bg7 4. e4 d6 5. Be2 O-O 6. Bg5 Nbd7 7. Qd2 e5 8. d5
a5 9. f3 Nc5 10. Bd1 Bd7 11. Nge2 Qc8 12. Be3 Ne8 13. O-O f5 14. Bc2 f4 15.
Bxc5 dxc5 16. Ba4 Nd6 17. Bxd7 Qxd7 18. b3 h5 19. Nc1 Bf6 20. Qe2 Nf7 21. Nd3
b6 22. Rad1 Kg7 23. Rd2 Rh8 24. Rb1 Be7 25. Nf2 Ng5 26. Rbd1 Bd6 27. Rd3 Raf8
28. Qb2 Rh7 29. Qa3 Nf7 30. Qa4 Qd8 31. Qa3 g5 32. Qb2 Nh6 33. Qe2 Kh8 34. Kf1
Rg7 35. Ke1 g4 36. fxg4 hxg4 37. Kd2 Qh4 38. Rh1 f3 39. gxf3 gxf3 40. Qe1 Rg2
41. Ncd1 Ng4 42. Rf1 Be7 43. h3 Nxf2 44. Nxf2 Qf4+ 45. Kd1 Bg5 46. Qc3 Kh7 47.
Qc2 Bh4 48. Rd2 Bg5 49. Rd3 Bh4 50. Rd2 Qh2 51. Ng4 Qxh3 52. Nf2 Qh2 53. Ng4
Qg1 54. Ne3 Qxe3 55. Rxg2 fxg2 56. Qxg2 Qd3+ 0-1

[Event "Open Jastrzebie 2019"]
[Site "?"]
[Date "2019.08.18"]
[Round "9.10"]
[White "Zak, Rafal"]
[Black "Wiecek, Pawel"]
[Result "1-0"]
[WhiteElo "1610"]
[BlackElo "1916"]
[PlyCount "91"]
[SourceVersionDate "2019.09.11"]

1. e4 d6 2. d4 Nf6 3. Nc3 g6 4. f4 Bg7 5. Nf3 c5 6. dxc5 Qa5 7. Bd3 Qxc5 8. Qe2
Bg4 9. Be3 Qa5 10. O-O O-O 11. h3 Bxf3 12. Qxf3 Nc6 13. a3 Nd7 14. Rab1 e6 15.
Ne2 Qd8 16. c4 Qe7 17. Qf2 a6 18. Nd4 Nxd4 19. Bxd4 Bxd4 20. Qxd4 e5 21. Qe3
Rfc8 22. Rbd1 f6 23. f5 Kg7 24. Be2 Rc6 25. Rd2 Nb6 26. b3 Qc7 27. Qf3 Rf8 28.
h4 a5 29. h5 g5 30. Rfd1 Rd8 31. a4 Nd7 32. Bd3 Qb6+ 33. Kh2 Qb4 34. Bc2 Rb6
35. Qd3 Nc5 36. Qd5 Qc3 37. h6+ Kxh6 38. Qf7 d5 39. Rd3 Nxd3 40. Rxd3 Qxd3 41.
Bxd3 dxc4 42. Bxc4 Rd2 43. Be6 Rc6 44. Qxf6+ Kh5 45. Bf7+ Kg4 46. Qxe5 1-0

[Event "Open Jastrzebie 2019"]
[Site "?"]
[Date "2019.08.18"]
[Round "9.11"]
[White "Piechota, Kamil"]
[Black "Gradalski, Olaf"]
[Result "1/2-1/2"]
[WhiteElo "1663"]
[BlackElo "1531"]
[PlyCount "38"]
[SourceVersionDate "2019.09.11"]

1. e4 e6 2. d4 d5 3. Nc3 Bb4 4. exd5 exd5 5. Bd3 c6 6. Nge2 Ne7 7. O-O O-O 8.
a3 Bd6 9. Re1 Bf5 10. Bxf5 Nxf5 11. Qd3 Ne7 12. Bg5 Qc7 13. Ng3 f6 14. Bd2 Ng6
15. h3 Bxg3 16. Qxg3 Qxg3 17. fxg3 Nd7 18. Bf4 Nxf4 19. gxf4 Rfe8 1/2-1/2

[Event "Open Jastrzebie 2019"]
[Site "?"]
[Date "2019.08.18"]
[Round "9.12"]
[White "Kovalenko, Yuriy"]
[Black "Lubszczyk, Piotr"]
[Result "1-0"]
[WhiteElo "1658"]
[BlackElo "1067"]
[PlyCount "41"]
[SourceVersionDate "2019.09.11"]

1. c4 e5 2. Nc3 Nc6 3. g3 Nf6 4. Bg2 Bc5 5. d3 O-O 6. Nf3 h6 7. O-O d6 8. a3 a5
9. Nd2 Bf5 10. Nde4 Bxe4 11. Nxe4 Nxe4 12. Bxe4 Qd7 13. Be3 Bxe3 14. fxe3 Rab8
15. Qa4 Ra8 16. Qb5 Qg4 17. Qxb7 Qxe2 18. Rf2 Qxe3 19. Qxc6 Rab8 20. Kg2 Rb6
21. Qxc7 1-0

[Event "Open Jastrzebie 2019"]
[Site "?"]
[Date "2019.08.18"]
[Round "9.13"]
[White "Aleshko, Margarita"]
[Black "Norov, Artem"]
[Result "0-1"]
[WhiteElo "1319"]
[BlackElo "1894"]
[PlyCount "64"]
[SourceVersionDate "2019.09.11"]

1. d4 d5 2. c4 e6 3. g3 Nf6 4. Bg2 c6 5. Nf3 Be7 6. O-O O-O 7. b3 b6 8. Bb2 Bb7
9. Nbd2 Na6 10. Re1 c5 11. cxd5 exd5 12. Ne5 Ne4 13. Qc2 Nb4 14. Qd1 Rc8 15. a3
Na6 16. dxc5 Naxc5 17. b4 Ne6 18. Ndf3 Bf6 19. Rc1 Qd6 20. Qb3 Ba6 21. Red1
Rxc1 22. Bxc1 Bxe5 23. Rxd5 Qc6 24. Be3 Bc4 25. Nxe5 Qxd5 26. Qxc4 Qd1+ 27. Bf1
Nd2 28. Bxd2 Qxd2 29. Nxf7 Kxf7 30. Bh3 Qd1+ 31. Kg2 Qd6 32. f4 Ke7 0-1

[Event "Open Jastrzebie 2019"]
[Site "?"]
[Date "2019.08.18"]
[Round "9.14"]
[White "Darda, Roman"]
[Black "Kozubek, Krystian"]
[Result "1-0"]
[WhiteElo "1850"]
[BlackElo "1495"]
[PlyCount "71"]
[SourceDate "2019.09.18"]

1. d4 d5 2. Nf3 Nf6 3. c4 e6 4. cxd5 exd5 5. Nc3 c6 6. Bg5 Be7 7. e3 Bg4 8. Bd3
O-O 9. Qc2 Bxf3 10. gxf3 h6 11. Bh4 Nh5 12. Bxe7 Qxe7 13. O-O-O Nd7 14. Rdg1
Kh8 15. Qd2 Nb6 16. e4 Qf6 17. e5 Qf4 18. Rg4 Qxd2+ 19. Kxd2 Rae8 20. Ne2 Re7
21. f4 g6 22. Ng3 Nxg3 23. fxg3 h5 24. Rg5 Kh7 25. Rxh5+ Kg7 26. Rg5 Nc4+ 27.
Kc3 b5 28. b3 Nb6 29. f5 Rc7 30. fxg6 f6 31. Rh5 Kg8 32. Rf5 c5 33. exf6 b4+
34. Kd2 c4 35. f7+ Rfxf7 36. gxf7+ 1-0

[Event "Open Jastrzebie 2019"]
[Site "?"]
[Date "2019.08.18"]
[Round "9.15"]
[White "Hoferek, Svatopluk"]
[Black "Brak, Marian"]
[Result "1/2-1/2"]
[WhiteElo "1786"]
[BlackElo "1489"]
[PlyCount "147"]

1. e4 d5 2. exd5 Qxd5 3. Nc3 Qa5 4. d4 c6 5. Nf3 Bg4 6. h3 Qh5 7. Be2 Nf6 8.
Nh2 Bxe2 9. Qxe2 Qxe2+ 10. Kxe2 e6 11. a3 Bd6 12. Nf3 Nbd7 13. Re1 O-O 14. Kf1
Rae8 15. Bg5 h6 16. Bxf6 Nxf6 17. Ne4 Nxe4 18. Rxe4 f6 19. Rae1 Kf7 20. c4 c5
21. Rd1 Re7 22. dxc5 Bxc5 23. b4 Bb6 24. c5 Bc7 25. Red4 e5 26. Rd5 g5 27. g4
Rfe8 28. Ne1 e4 29. Ng2 Bf4 30. Ke2 Re5 31. b5 Rxd5 32. Rxd5 Ke6 33. Ne3 Bxe3
34. Rd6+ Ke5 35. Kxe3 Rc8 36. Rd4 Rxc5 37. Rxe4+ Kd5 38. Rd4+ Ke5 39. Re4+ Kd6
40. Rd4+ Kc7 41. Kd3 Rxb5 42. Kc2 f5 43. f4 fxg4 44. hxg4 gxf4 45. Rxf4 Rg5 46.
Rf6 Rxg4 47. Rxh6 b5 48. Kb3 a5 49. Rf6 Rg3+ 50. Kb2 Rd3 51. Ra6 a4 52. Rh6 Rd6
53. Rh5 Kb6 54. Kc2 Rc6+ 55. Kb2 Rc5 56. Rh6+ Ka5 57. Rh8 Rg5 58. Rh4 Rg2+ 59.
Kb1 Rg3 60. Ka2 Rb3 61. Rg4 Kb6 62. Rg5 Rc3 63. Kb2 Rc5 64. Rg6+ Kc7 65. Rh6
Rc4 66. Rg6 Rc6 67. Rg7+ Kb6 68. Rg5 Ka5 69. Rh5 Kb6 70. Re5 Rc4 71. Rh5 b4 72.
axb4 Rxb4+ 73. Ka3 Rf4 74. Rg5 1/2-1/2

[Event "Open Jastrzebie 2019"]
[Site "?"]
[Date "2019.08.18"]
[Round "9.16"]
[White "Sulkowski, Dawid"]
[Black "Lysakowski, Piotr"]
[Result "1-0"]
[WhiteElo "1604"]
[BlackElo "1415"]
[PlyCount "119"]

1. e4 e6 2. d4 d5 3. Nc3 Nf6 4. e5 Nfd7 5. f4 c5 6. Nf3 Nc6 7. Be3 a6 8. Qd2 b5
9. Be2 Rb8 10. O-O c4 11. Ng5 g6 12. f5 exf5 13. Nxd5 h6 14. e6 Nde5 15. dxe5
Nxe5 16. exf7+ Nxf7 17. Nxf7 Kxf7 18. a4 Bb7 19. Nc3 Bc5 20. Kh1 Bxe3 21. Qxe3
Re8 22. Qxh6 Rh8 23. Qf4 Rh4 24. Qg3 Qh8 25. axb5 axb5 26. Nxb5 Rh3 27. Bxc4+
Kf6 28. Qd6+ Kg5 29. Kg1 Rh5 30. Be2 Rh7 31. Qf4+ Kf6 32. Rad1 Re8 33. Qd4+ Kg5
34. Qxh8 Rexh8 35. Bf3 Ba6 36. c4 Rxh2 37. Rd6 Bxb5 38. cxb5 R2h6 39. b6 Kf4
40. Kf2 Rc8 41. Rc6 Rb8 42. Rc4+ Ke5 43. Re1+ Kf6 44. b7 Rd8 45. Re2 Rf8 46.
Rc8 Rhh8 47. Rec2 f4 48. b8=Q Rxc8 49. Rxc8 Rxc8 50. Qxc8 g5 51. Qc5 g4 52.
Bxg4 f3 53. Qf5+ Ke7 54. Qe6+ Kf8 55. Qd7 fxg2 56. b4 Kg8 57. b5 Kf8 58. b6 Kg8
59. b7 Kf8 60. b8=Q# 1-0

[Event "Open Jastrzebie 2019"]
[Site "?"]
[Date "2019.08.18"]
[Round "9.18"]
[White "Wos, Kacper"]
[Black "Szymanska, Joanna"]
[Result "0-1"]
[WhiteElo "1313"]
[BlackElo "1253"]
[PlyCount "80"]

1. d4 f5 2. c4 Nf6 3. g3 d5 4. cxd5 Nxd5 5. Bg2 e6 6. Nc3 Bb4 7. Bd2 O-O 8.
Nxd5 Bxd2+ 9. Qxd2 exd5 10. e3 c6 11. Ne2 Nd7 12. Nf4 Nf6 13. O-O Ne4 14. Qe2
Rf6 15. b4 Rh6 16. Rac1 Bd7 17. b5 Qe8 18. bxc6 Bxc6 19. Qd1 g5 20. Nh3 Ba4 21.
Qf3 Qd7 22. Rfe1 g4 23. Qf4 Rxh3 24. Bxh3 gxh3 25. Rc7 Qe6 26. Qh4 Qg6 27. Rxb7
Ng5 28. Qf4 Be8 29. Rc1 a5 30. Rc5 Ne6 31. Qe5 Nxc5 32. Qxd5+ Ne6 33. Rb6 Rc8
34. Kf1 Bf7 35. Qxa5 Rc1+ 36. Ke2 Rc2+ 37. Kd1 Rxf2 38. d5 Qg4+ 39. Kc1 Qc4+
40. Kd1 Qc2+ 0-1

[Event "Open Jastrzebie 2019"]
[Site "?"]
[Date "2019.08.18"]
[Round "9.20"]
[White "Szymon, Jakub"]
[Black "Piec, Patryk"]
[Result "1-0"]
[WhiteElo "1572"]
[BlackElo "1095"]
[PlyCount "55"]
[SourceVersionDate "2019.09.25"]

1. e4 e5 2. Nf3 Nc6 3. Bb5 Nf6 4. O-O Bd6 5. Re1 a6 6. Ba4 b5 7. Bb3 Bb7 8. c3
O-O 9. d4 exd4 10. e5 Nxe5 11. Nxe5 Bxe5 12. Rxe5 dxc3 13. Nxc3 Re8 14. Rxe8+
Qxe8 15. Bg5 Ne4 16. Nxe4 Qxe4 17. f3 Qe5 18. Qd2 Re8 19. Qxd7 Bxf3 20. Bxf7+
Kh8 21. Qxe8+ Qxe8 22. Bxe8 Bb7 23. Rf1 Kg8 24. Be7 g6 25. Bf8 Bd5 26. Bh6 Bf7
27. Rxf7 a5 28. Rf8# 1-0

[Event "Open Jastrzebie 2019"]
[Site "?"]
[Date "2019.08.18"]
[Round "9.21"]
[White "Bala, Bartosz"]
[Black "Szymanski, Wojciech"]
[Result "0-1"]
[WhiteElo "1093"]
[BlackElo "1500"]
[PlyCount "58"]
[SourceVersionDate "2019.09.25"]

1. e4 c6 2. d4 d5 3. Nc3 dxe4 4. Nxe4 Nd7 5. Nf3 Ngf6 6. Nc3 e6 7. Be3 Bb4 8.
Bd3 O-O 9. O-O Bxc3 10. bxc3 Re8 11. Re1 Qc7 12. Qd2 b6 13. Bf4 Qd8 14. Ne5 Bb7
15. Bg5 Qc7 16. Bxf6 Nxf6 17. Qg5 c5 18. f3 Rad8 19. Ng4 Nxg4 20. Qxg4 cxd4 21.
cxd4 Qc3 22. Rad1 g6 23. Bb5 Bc6 24. Bxc6 Qxc6 25. Rc1 Qc4 26. Red1 Rd5 27. a3
Red8 28. c3 Ra5 29. Qg5 Rxg5 0-1